Management classics

Na minha lista:
Detalhes bibliográficos
Formato: Livro
Idioma:Undetermined
Publicado em: Santa Monica, Calif Goodyear 1977
Assuntos:
Tags: Adicionar Tag
Sem tags, seja o primeiro a adicionar uma tag!
Thư viện lưu trữ: Trung tâm Học liệu Trường Đại học Cần Thơ
LEADER 00512nam a2200181Ia 4500
001 CTU_42853
008 210402s9999 xx 000 0 und d
020 |c 9.95 
082 |a 658.4008 
082 |b M266 
245 0 |a Management classics 
245 0 |c edited by Michael T. Matteson, John M. Ivancevich 
260 |a Santa Monica, Calif 
260 |b Goodyear 
260 |c 1977 
650 |a Management,Industrial management 
904 |i Minh, H.Mai 
980 |a Trung tâm Học liệu Trường Đại học Cần Thơ